Los suegros : (Registro nro. 14401)

Detalles MARC
000 -LIDER
fixed length control field 01133cam a2200277 a 4500
001 - NÚMERO DE CONTROL
Identificador de número de control
003 - IDENTIFICACDOR DE NÚMERO DE CONTROL
control field DO-SdBNP
005 - DATE AND TIME OF LATEST TRANSACTION
control field 20240119073226.0
008 - ELEMENTOS DE LONGITUD FIJA
fixed length control field 080613s2008 xx b 000 0 spa
020 ## - ISBN
International Standard Book Number 9781414317236
020 ## - ISBN
International Standard Book Number 1414317239
040 ## - FUENTE DE CATALOGACIÓN
Agencia que crea de manera original el registro BPMSU
Idioma de catalogación spa
Agencia que realiza la transcripción BPMSU
082 #4 - NÚMERO DE CLASIFICACIÓN DECIMAL DE DEWEY
Classification number 306.8
Item number C466s 2008
Edition number 22
100 1# - ASIENTO PRINCIPAL -- NOMBRE PERSONAL
Nombre personal Chapman, Gary D.,
Fechas asociadas con el nombre 1938-
245 14 - MENCIÓN DE TITULO
Título Los suegros :
Subtítulo la guía Chapman para los suegros, los yernos, las nueras y los cuñados /
Mención de responsabilidad Gary D. Chapman.
260 ## - PUBLICACIÓN, DISTRIBUCIÓN, ETC. (PIE DE IMPRENTA)
Lugar de publicación, distribución, etc Carol Stream, Ill. :
Nombre del editor, distribuidor, etc. Tyndale House Publishers,
Fecha de publicación, distribución, etc 2008.
300 ## - DESCRIPCIÓN FÍSICA
Extensión xvii, 153 p. ;
Dimensiones 19 cm.
500 ## - NOTA GENERAL
Nota general
504 ## - NOTA DE BIBLIOGRAFÍA, ETC.
Bibliography, etc Incluye referencias bibliográficas y notas al pie de las páginas
505 0# - NOTA DE CONTENIDO
Texto normalizado de contenido Introducción -- Escucha antes de hablar -- Aprende el arte de mostrar respeto -- Habla por ti mismo -- Procura negociar -- Formula pedidos en lugar de exigencias -- Otorga el regalo de la libertad -- Sobre todo, ama.
534 ## - NOTA SOBRE LA VERSIÓN ORIGINAL
Asiento principal del original Título original :
Mención del título original In-law relationships.
590 ## - NOTA LOCAL
Texto de la nota local Inventariado, 2024/VM
650 #4 - ENCABEZAMIENTO DE MATERIA--TEMÁTICO
Término temático o nombre geográfico como elemento de entrada Suegras
Subdivisión temática general Relaciones familiares.
910 ## - VALIDACIÓN
Validación VMateo V. Control de calidad BPMSU
942 ## - ADDED ENTRY ELEMENTS (KOHA)
Source of classification or shelving scheme Dewey Decimal Classification
Koha item type Libros
Existencias
Withdrawn status Lost status Source of classification or shelving scheme Damaged status Not for loan Collection code Home library Current library Date acquired Total Checkouts Full call number Barcode Date last seen Price effective from Koha item type
    Dewey Decimal Classification     Colección General Biblioteca Pública Metropolitana Salomé Ureña Biblioteca Pública Metropolitana Salomé Ureña 01/17/2024   BPMSU CG 306.8 C466s 2008 BPMSU24010023 01/17/2024 01/17/2024 Libros